000 00827nam a2200241 a 4500
001 BRCA_2945
005 20190320204035.0
008 161208s1843----enka---###---#000-0#eng-u
050 4 _aF1211.V5
_b.M37 1843
100 1 _aMarryat, Frederick
_98193
245 1 0 _aNarrative of the travels and adventures of Monsieur Violet, in California, Sonora, and Western Texas
_cwritten by Capt. Marryat, C. B.
260 _aLondres
_bLongmans
_c1843
300 _a3 v.
_bil.
_c19 cm.
500 _aLa biblioteca cuenta con el v.2 y v.3
500 _aB101
650 1 4 _aViajeros ingleses
_97018
651 4 _aTexas
_xDescripción y viajes
_98017
651 4 _aMéxico
_xDescripción y viajes
_9103
651 4 _aSonora
_xDescripción y viajes
_98194
651 4 _aCalifornia
_xDescripción y viajes
_98195
902 _aGFM
942 _2lcc
_cB
999 _c2684
_d2684